Statistics for Eurovision Song Contest: Runner up countries!

Click here to take the quiz!

General Stats

  • This quiz has been taken 1,221 times
    (132 since last reset)
  • The average score is 20 of 25

Answer Stats

HintAnswer% Correct
16United Kingdom
100%
5France
95%
4Spain
94%
1Sweden
94%
4Russia
92%
3Italy
92%
2Ukraine
92%
1Norway
90%
4Germany
89%
1Denmark
87%
2Iceland
86%
4Ireland
85%
1Poland
83%
1Netherlands
83%
1Cyprus
81%
2Switzerland
79%
1Turkey
78%
2Malta
76%
2Belgium
72%
1Azerbaijan
71%
1Australia
71%
1Bulgaria
69%
2Israel
69%
1Monaco
60%
1Serbia and Montenegro
44%

Score Distribution

Percentile by Number Answered

Percent of People with Each Score

Your Score History

You have not taken this quiz since the last reset